书目信息 |
| 题名: |
河北辽河源自然保护区生物多样性及其保护
|
|
| 作者: | 赵建成 , 吴跃峰 , 刘宝忠 主编 | |
| 分册: | ||
| 出版信息: | 北京 科学出版社 2007 |
|
| 页数: | 149页 | |
| 开本: | 29cm | |
| 丛书名: | ||
| 单 册: | ||
| 中图分类: | S759.992.224 , Q16-64 | |
| 科图分类: | ||
| 主题词: | 自然保护区--生物多样性--平泉县--图集 , 自然保护区 , 生物多样性 | |
| 电子资源: | ||
| ISBN: | 978-7-03-018709-3 | |
| 000 | 01333nam0 2200301 450 | |
| 001 | 003428305 | |
| 005 | 20221011160617.09 | |
| 010 | @a978-7-03-018709-3@b精装@dCNY150.00 | |
| 035 | @a003428305 | |
| 100 | @a20070327d2007 em y0chiy0110 ea | |
| 101 | 0 | @achi |
| 102 | @aCN@b110000 | |
| 105 | @aa z 000yy | |
| 200 | 1 | @a河北辽河源自然保护区生物多样性及其保护@Ahe bei liao he yuan zi ran bao hu qu sheng wu duo yang xing ji qi bao hu@dBiodiversity and it's protection in Liaoheyuan nature reserve of Hebei, China@f赵建成,吴跃峰,刘宝忠主编@Fzhao jian cheng, wu yue feng, liu bao zhong zhu bian@zeng |
| 210 | @a北京@c科学出版社@d2007 | |
| 215 | @a149页@d29cm | |
| 330 | @a本书图文并茂地反映辽河源自然保护区生物多样性及其管理的基本概况,作者筛选出500余幅照片,分为自然地理概况、历史文化、植被与植物资源、动物资源与保护、科学研究与保护区管理五部分。 | |
| 510 | 1 | @aBiodiversity and it's protection in Liaoheyuan nature reserve of Hebei, China@zeng |
| 606 | 0 | @a自然保护区@x生物多样性@y平泉县@j图集 |
| 606 | 0 | @a自然保护区 |
| 606 | 0 | @a生物多样性 |
| 690 | @aS759.992.224@v4 | |
| 690 | @aQ16-64@v4 | |
| 701 | 0 | @a赵建成@Azhao jian cheng@c(生态学)@4主编 |
| 701 | 0 | @a吴跃峰@Awu yue feng@4主编 |
| 701 | 0 | @a刘宝忠@Aliu bao zhong@c(自然资源保护)@4主编 |
| 801 | 0 | @aCN@bNLC@c20070805 |
| 905 | @dS759.992.224@e33@f1 | |
| 河北辽河源自然保护区生物多样性及其保护=Biodiversity and it's protection in Liaoheyuan nature reserve of Hebei, China/赵建成,吴跃峰,刘宝忠主编.-北京:科学出版社,2007 |
| 149页;29cm |
| ISBN 978-7-03-018709-3(精装):CNY150.00 |
| 本书图文并茂地反映辽河源自然保护区生物多样性及其管理的基本概况,作者筛选出500余幅照片,分为自然地理概况、历史文化、植被与植物资源、动物资源与保护、科学研究与保护区管理五部分。 |
| ● |
| 相关链接 |
|
|
|
|
正题名:河北辽河源自然保护区生物多样性及其保护
索取号:S759.992.224/33
 
预约/预借
| 序号 | 登录号 | 条形码 | 馆藏地/架位号 | 状态 | 备注 |
| 1 | 0852873 | 208528734 | 第二样本阅览室/ [索取号:S759.992.224/33] | 在馆 |